000
00299nam a22001337a 4500
008
171027b xxu||||| |||| 00| 0 eng d
020
_a
9780072338621
041
_a
eng
080
_2
4TH
_a
336
100
_a
56
101
_a
FIN
245
_a
CASE STUDIES IN FINANCE
_c
BRUNER,R.F
942
_2
udc
_c
BK
999
_c
36180
_d
36180